[Event "Aberto Brasil - II Niterói Chess Open "]
[Site "Salão de Convenções do Hot"]
[Date "2022.09.07"]
[Round "9.54"]
[White "Martins de Aguiar, Marina"]
[Black "Veiga da Silva, Paulo Roberto Costa"]
[Result "0-1"]
[WhiteElo "1874"]
[BlackElo "1800"]
[PlyCount "136"]
[EventDate "2022.09.01"]
[EventRounds "9"]
[EventCountry "BRA"]

1. e4 e5 2. Nf3 Nc6 3. Bc4 Nf6 4. d3 Bc5 5. O-O d6 6. h3 Na5 7. Bb3 a6 8. Nc3
h6 9. d4 exd4 10. Nxd4 O-O 11. Re1 Re8 12. Bf4 b5 13. Qd3 Bb7 14. Bd5 Nxd5 15.
Nxd5 Bxd5 16. exd5 Qf6 17. Be3 Nc4 18. b3 Nxe3 19. fxe3 Bxd4 20. Qxd4 Qxd4 21.
exd4 Kf8 22. Kf2 Rxe1 23. Rxe1 Re8 24. Rc1 Re4 25. c3 Ke7 26. g4 f5 27. Kf3 g5
28. a3 Rf4+ 29. Kg3 fxg4 30. Re1+ Kf7 31. hxg4 Rf6 32. Rh1 Kg6 33. Re1 Kf7 34.
Ra1 Rf4 35. b4 Re4 36. Kf3 Rf4+ 37. Kg3 Re4 38. Kf3 Rf4+ 39. Kg3 Re4 40. Rc1
Re3+ 41. Kg2 Re4 42. Kf3 Rf4+ 43. Kg3 Re4 44. Rf1+ Kg7 45. Rf3 Re2 46. Rd3 Ra2
47. c4 bxc4 48. Rc3 Kf6 49. Rxc4 Rxa3+ 50. Kg2 Rd3 51. Kf2 Kg6 52. Kg2 h5 53.
gxh5+ Kxh5 54. Rxc7 Rxd4 55. Rc6 Rxd5 56. Rxa6 Kg4 57. Ra2 Kf4 58. Rc2 Ke4 59.
Rb2 Rb5 60. Kg3 Kd3 61. Rb1 Kc4 62. Rd1 d5 63. Kg4 d4 64. Rd2 Kc3 65. Rd1 d3
66. Kf3 Kc2 67. Rg1 d2 68. Rg2 Kc1 0-1

[Event "Aberto Brasil - II Niterói Chess Open "]
[Site "Salão de Convenções do Hot"]
[Date "2022.09.07"]
[Round "9.55"]
[White "Boabaid, Jorge Alberto Duard"]
[Black "Chaves, Jorge Antonio Torre"]
[Result "1/2-1/2"]
[WhiteElo "1780"]
[BlackElo "1865"]
[PlyCount "149"]
[EventDate "2022.09.01"]
[EventRounds "9"]
[EventCountry "BRA"]

1. e4 c5 2. Nf3 Nc6 3. d4 cxd4 4. Nxd4 e5 5. Nb5 a6 6. Nd6+ Bxd6 7. Qxd6 Qf6 8.
Qd1 Qg6 9. Nc3 Nf6 10. f3 d5 11. Nxd5 Nxd5 12. Qxd5 O-O 13. c3 Be6 14. Qc5 Rac8
15. Qf2 f5 16. Bd3 fxe4 17. Bxe4 Bf5 18. Bxf5 Rxf5 19. O-O e4 20. f4 Ne5 21.
Qg3 Qxg3 22. hxg3 Ng4 23. Re1 Rd8 24. Be3 Rd3 25. Bd4 Rd2 26. b3 Rh5 27. Rad1
Rxa2 28. Ra1 Rha5 29. c4 Rxa1 30. Rxa1 Rxa1+ 31. Bxa1 Kf7 32. Kf1 g6 33. Ke2
Ke6 34. Bc3 b5 35. c5 Kd5 36. b4 Nh6 37. Bf6 Ng4 38. Be7 h5 39. Bd8 Nh6 40. Kf2
Nf5 41. Bf6 Kc4 42. c6 Kd3 43. Ke1 Nd6 44. Be7 Nc8 45. Bf8 Kc4 46. Ke2 Kd5 47.
Ke3 Kxc6 48. Kxe4 Nb6 49. f5 gxf5+ 50. Kxf5 Kd7 51. Kg5 Ke8 52. Bc5 Nd7 53. Bd4
Kf7 54. Kxh5 Nf8 55. g4 Ng6 56. g3 Ne7 57. g5 Ng6 58. Kh6 Ne7 59. Kh7 Ng6 60.
Bc5 Ne5 61. Bd6 Ng6 62. Bc5 Ne5 63. Bd4 Ng6 64. Bf6 Nf8+ 65. Kh6 Ng6 66. Kh5
Nf8 67. Kg4 Kg6 68. Kf4 Kf7 69. Kf5 Ng6 70. Bd4 Ne7+ 71. Ke4 Ke6 72. Bc5 Ng6
73. Bd4 Ne7 74. Bc5 Ng6 75. Be3 1/2-1/2

[Event "Aberto Brasil - II Niterói Chess Open "]
[Site "Salão de Convenções do Hot"]
[Date "2022.09.07"]
[Round "9.56"]
[White "Vaz, Osvaldo Jose"]
[Black "Dos Santos, Thiago Lopes Verbic"]
[Result "1-0"]
[WhiteElo "1645"]
[BlackElo "1865"]
[PlyCount "59"]
[EventDate "2022.09.01"]
[EventRounds "9"]
[EventCountry "BRA"]

1. e4 c5 2. c3 d5 3. exd5 Qxd5 4. d4 Nf6 5. Nf3 Bg4 6. Be2 e6 7. O-O Be7 8. h3
Bh5 9. Be3 cxd4 10. cxd4 O-O 11. Nc3 Qd8 12. Qb3 b6 13. Rad1 Nd5 14. Nxd5 Qxd5
15. Qxd5 exd5 16. g4 Bg6 17. Ne5 f6 18. Nxg6 hxg6 19. Rc1 f5 20. f4 Rd8 21. Bd3
fxg4 22. hxg4 Kf7 23. Rc2 Nd7 24. g5 Bd6 25. Rc3 Nb8 26. Rc2 a5 27. f5 gxf5 28.
Bxf5 Ke7 29. g6 Nd7 30. Re2 1-0

[Event "Aberto Brasil - II Niterói Chess Open "]
[Site "Salão de Convenções do Hot"]
[Date "2022.09.07"]
[Round "9.58"]
[White "Tsai, Roberto Gong Wei"]
[Black "Borsato, Ana Carolina Teodor"]
[Result "0-1"]
[WhiteElo "1790"]
[BlackElo "1845"]
[PlyCount "76"]
[EventDate "2022.09.01"]
[EventRounds "9"]
[EventCountry "BRA"]

1. b3 e5 2. Bb2 Nc6 3. g3 d5 4. Bg2 Nf6 5. d3 Bc5 6. e3 O-O 7. Ne2 Be6 8. O-O
Qd7 9. d4 exd4 10. Nxd4 Nxd4 11. Bxd4 Bxd4 12. Qxd4 Rad8 13. Nd2 Qe7 14. Qxa7
b6 15. Qa4 Bf5 16. Rfc1 Rfe8 17. Qf4 Bg6 18. c4 c5 19. cxd5 Nxd5 20. Bxd5 Rxd5
21. Nf3 Rf5 22. Qh4 Rxf3 23. Qxe7 Rxe7 24. b4 Rc7 25. a4 c4 26. b5 Rf5 27. a5
bxa5 28. Rxa5 h6 29. Ra8+ Kh7 30. b6 Rb7 31. Rxc4 Rxb6 32. Rcc8 Rb1+ 33. Kg2
Bh5 34. Rcb8 Kg6 35. Kh3 Bf3 36. g4 Bxg4+ 37. Kh4 Rg1 38. Ra6+ f6 0-1

[Event "Aberto Brasil - II Niterói Chess Open "]
[Site "Salão de Convenções do Hot"]
[Date "2022.09.07"]
[Round "9.60"]
[White "Da Silva, Jose Almir Martins"]
[Black "Pavao, Alice Lara Biasi"]
[Result "1-0"]
[WhiteElo "1912"]
[BlackElo "1366"]
[PlyCount "99"]
[EventDate "2022.09.01"]
[EventRounds "9"]
[EventCountry "BRA"]

1. e4 c5 2. Nf3 Nc6 3. d4 cxd4 4. Nxd4 g6 5. Nxc6 bxc6 6. Qd4 Nf6 7. e5 Nh5 8.
e6 Bg7 9. exf7+ Kxf7 10. Qc4+ e6 11. Be2 Rf8 12. Nc3 Nf6 13. Bg5 Qb6 14. Be3
Qc7 15. Bf4 Qb6 16. Bd6 Re8 17. O-O Bf8 18. Bxf8 Rxf8 19. Rad1 Qxb2 20. Rb1 Qa3
21. Rb3 Qa5 22. Qf4 Qf5 23. Qd2 Ne4 24. Nxe4 Qxe4 25. Rf3+ Kg8 26. Rxf8+ Kxf8
27. Rd1 Rb8 28. Qd6+ Kg7 29. Qxb8 Qxe2 30. Qb1 Qb5 31. Qa1+ Kg8 32. Rb1 Qa5 33.
Rb8 Qc7 34. Qb2 e5 35. Qb3+ Kg7 36. Qb2 Kg8 37. Rb3 Ba6 38. Rb8+ Bc8 39. g3 Kg7
40. f4 d6 41. fxe5 dxe5 42. a4 Kf7 43. Qb3+ Kg7 44. Qb2 Kf7 45. c4 Ba6 46. Qb4
Bc8 47. a5 e4 48. a6 c5 49. Rxc8 Qxc8 50. Qb7+ 1-0

[Event "Aberto Brasil - II Niterói Chess Open "]
[Site "Salão de Convenções do Hot"]
[Date "2022.09.07"]
[Round "9.61"]
[White "Olivo, Anibal Ribeiro"]
[Black "Brito, Vicente De Paulo Al"]
[Result "1/2-1/2"]
[WhiteElo "1554"]
[BlackElo "1806"]
[PlyCount "77"]
[EventDate "2022.09.01"]
[EventRounds "9"]
[EventCountry "BRA"]

1. e4 e6 2. d4 d5 3. Nd2 c5 4. exd5 Qxd5 5. Ngf3 cxd4 6. Bc4 Qd6 7. O-O Nf6 8.
Nb3 Nc6 9. Nbxd4 Nxd4 10. Qxd4 Qxd4 11. Nxd4 a6 12. c3 Bc5 13. Nf3 b5 14. Bb3
Bb7 15. a4 b4 16. c4 O-O 17. Bf4 Rfd8 18. Rad1 Ne4 19. Bc2 Rxd1 20. Bxd1 f6 21.
Bc2 e5 22. Bc1 Rd8 23. b3 g5 24. h3 h5 25. Be3 Bxe3 26. fxe3 Nc5 27. Rd1 Rxd1+
28. Bxd1 Bxf3 29. gxf3 Kf7 30. Bc2 Ke6 31. Kf2 f5 32. Kg3 f4+ 33. exf4 exf4+
34. Kf2 Ke5 35. Ke2 Kd4 36. Kd2 a5 37. Bd1 Nd7 38. Bc2 Nc5 39. Bd1 1/2-1/2

[Event "Aberto Brasil - II Niterói Chess Open "]
[Site "Salão de Convenções do Hot"]
[Date "2022.09.07"]
[Round "9.63"]
[White "Do Amaral Vailant, Helena Kether"]
[Black "Carneiro, Luis Guilherme Rosa"]
[Result "0-1"]
[WhiteElo "1513"]
[BlackElo "1789"]
[PlyCount "106"]
[EventDate "2022.09.01"]
[EventRounds "9"]
[EventCountry "BRA"]

1. e4 c5 2. Nc3 g6 3. f4 Bg7 4. Nf3 Nc6 5. Bb5 Nd4 6. Bc4 e6 7. O-O Ne7 8. d3
O-O 9. Bd2 b6 10. Qc1 Bb7 11. Nxd4 cxd4 12. Ne2 d5 13. exd5 Bxd5 14. Bxd5 Qxd5
15. Rf3 Rac8 16. c4 dxc3 17. Bxc3 Nf5 18. Qe1 Nd4 19. Nxd4 Bxd4+ 20. Kh1 Rfd8
21. Rh3 h5 22. Rf3 Qf5 23. Qd2 Rd7 24. h3 Rcd8 25. Rd1 Qf6 26. a3 Rc8 27. Bxd4
Rxd4 28. Rc1 Rcd8 29. Rc7 a5 30. Qc3 Qf5 31. Rc8 Qd5 32. b4 axb4 33. axb4 Rxc8
34. Qxc8+ Kh7 35. Qc3 Qd7 36. g4 hxg4 37. hxg4 Qd5 38. Kg2 Rxf4 39. d4 Rxg4+
40. Kf2 Qxd4+ 41. Qxd4 Rxd4 42. Rxf7+ Kh6 43. b5 Rd5 44. Rf6 Rf5+ 45. Rxf5 gxf5
46. Kf3 Kg5 47. Kg3 e5 48. Kf3 e4+ 49. Ke3 Kg4 50. Kd4 Kf3 51. Kd5 e3 52. Kc6
e2 53. Kxb6 e1=Q 0-1

[Event "Aberto Brasil - II Niterói Chess Open "]
[Site "Salão de Convenções do Hot"]
[Date "2022.09.07"]
[Round "9.65"]
[White "Da Silva, Diogo Viana"]
[Black "Stival Da Silva, Javier Rodrigo"]
[Result "1/2-1/2"]
[WhiteElo "1750"]
[BlackElo "1807"]
[PlyCount "92"]
[EventDate "2022.09.01"]
[EventRounds "9"]
[EventCountry "BRA"]

1. d4 Nf6 2. c4 e6 3. g3 b6 4. Bg2 c6 5. e4 d5 6. e5 Nfd7 7. Nh3 Ba6 8. O-O
Bxc4 9. Re1 Be7 10. Qg4 Nf8 11. Qxg7 Ng6 12. Qh6 Bf8 13. Qh5 Bg7 14. Bg5 Qc7
15. Nd2 Ba6 16. Nf4 O-O 17. Bh6 Re8 18. Bxg7 Kxg7 19. Qg5 Nd7 20. Nh5+ Kh8 21.
Qh6 Rg8 22. Nf3 Ngf8 23. Ng5 Rxg5 24. Qxg5 Ng6 25. Bf1 Bb7 26. Nf6 Qd8 27. h4
Nxf6 28. exf6 Qg8 29. h5 Nf8 30. Qh6 Nd7 31. Bd3 Re8 32. Re3 e5 33. Bf5 Bc8 34.
dxe5 Nc5 35. Rf3 Bxf5 36. Rxf5 Ne6 37. Rf3 Nd4 38. Rd3 Ne6 39. Rc1 Nc5 40. Rd4
Rxe5 41. Rh4 Re6 42. Rd1 Nd7 43. Rf4 Qf8 44. Qg5 Qg8 45. Qh6 Qf8 46. Qg5 Qg8
1/2-1/2

[Event "Aberto Brasil - II Niterói Chess Open "]
[Site "Salão de Convenções do Hot"]
[Date "2022.09.07"]
[Round "9.66"]
[White "Garcia, Erich Douglas Ribei"]
[Black "Melo, Igor De Souza"]
[Result "0-1"]
[WhiteElo "1427"]
[BlackElo "1741"]
[PlyCount "57"]
[EventDate "2022.09.01"]
[EventRounds "9"]
[EventCountry "BRA"]

1. d4 d5 2. c4 e6 3. Nc3 c6 4. Nf3 dxc4 5. e4 b5 6. a3 Nf6 7. Bg5 Be7 8. e5 Nd5
9. Bxe7 Qxe7 10. Ne4 O-O 11. Be2 Nd7 12. O-O f6 13. Qc2 fxe5 14. dxe5 Nc5 15.
Nfg5 Nxe4 16. Nxe4 Rf5 17. b3 c3 18. Nxc3 Rxe5 19. Bf3 Bb7 20. Rfe1 Rxe1+ 21.
Rxe1 Qc5 22. Bxd5 cxd5 23. b4 Qc4 24. Qd2 Qh4 25. Qe2 Rf8 26. Qxe6+ Kh8 27. Nd1
h6 28. Qd6 Qd8 29. Qg6 {Ilegivel} 0-1

[Event "Aberto Brasil - II Niterói Chess Open "]
[Site "Salão de Convenções do Hot"]
[Date "2022.09.07"]
[Round "9.67"]
[White "Pessoa, Vitor Henrique Leop"]
[Black "Da Rocha, Joao Batista Jose"]
[Result "1-0"]
[WhiteElo "1250"]
[BlackElo "1734"]
[PlyCount "103"]
[EventDate "2022.09.01"]
[EventRounds "9"]
[EventCountry "BRA"]

1. e4 c5 2. Nf3 d6 3. d4 cxd4 4. Nxd4 Nf6 5. Nc3 a6 6. Bc4 e6 7. Bb3 b5 8. O-O
Be7 9. Re1 Qc7 10. Bg5 O-O 11. f4 Nc6 12. f5 Nxd4 13. Qxd4 e5 14. Qd3 Bb7 15.
Bxf6 Bxf6 16. Bd5 Qc5+ 17. Qe3 Qxe3+ 18. Rxe3 Bxd5 19. Nxd5 Bg5 20. Rg3 f6 21.
Rd1 Kf7 22. Nb6 Rad8 23. Rgd3 h6 24. Kf1 Ke7 25. c3 Rf7 26. g3 h5 27. h4 Bh6
28. Ke2 Rff8 29. Nd5+ Kd7 30. Nb4 Kc7 31. Nxa6+ Kc6 32. Nb4+ Kc7 33. Rd5 Kb6
34. Rxd6+ Rxd6 35. Rxd6+ Kc7 36. Rd5 Kb6 37. Rd7 Re8 38. Kd3 Ra8 39. Nd5+ Kc6
40. Rc7+ Kd6 41. a3 Rb8 42. Re7 Rh8 43. Re6+ Kd7 44. Rb6 Rc8 45. Rxb5 Kc6 46.
Ne7+ Kxb5 47. Nxc8 Bc1 48. Kc2 Be3 49. Nd6+ Kc5 50. Ne8 Bf2 51. b4+ Kc4 52.
Nd6# 1-0

[Event "Aberto Brasil - II Niterói Chess Open "]
[Site "Salão de Convenções do Hot"]
[Date "2022.09.07"]
[Round "9.68"]
[White "Maia, Erick De Figueiredo"]
[Black "Dioscanio, Rafael Cacador"]
[Result "0-1"]
[WhiteElo "1722"]
[BlackElo "1787"]
[PlyCount "70"]
[EventDate "2022.09.01"]
[EventRounds "9"]
[EventCountry "BRA"]

1. c4 Nf6 2. g3 e6 3. Bg2 d5 4. b3 Bd6 5. Bb2 c6 6. Nf3 O-O 7. O-O b6 8. cxd5
cxd5 9. Nc3 Ba6 10. Re1 Bb7 11. Nb5 Be7 12. Rc1 Nc6 13. Ne5 Nxe5 14. Bxe5 a6
15. Bc7 Qd7 16. Nd4 Bc5 17. Nf3 Qxc7 18. d4 Qe7 19. dxc5 bxc5 20. Ne5 Rac8 21.
Qd2 Rfd8 22. Rc2 Qc7 23. Nd3 c4 24. Rec1 Ne4 25. Bxe4 dxe4 26. Rxc4 Qd7 27. Qf4
Rxc4 28. Rxc4 exd3 29. exd3 Qxd3 30. f3 Bxf3 31. Qe5 h6 32. Kf2 Qd1 33. g4 Qd2+
34. Kg3 Qg2+ 35. Kh4 g5+ 0-1

[Event "Aberto Brasil - II Niterói Chess Open "]
[Site "Salão de Convenções do Hot"]
[Date "2022.09.07"]
[Round "9.69"]
[White "Silva, Ezequiel Demetras"]
[Black "Pavao, Fabio Biasi"]
[Result "0-1"]
[WhiteElo "1807"]
[BlackElo "1737"]
[PlyCount "86"]
[EventDate "2022.09.01"]
[EventRounds "9"]
[EventCountry "BRA"]

1. e4 c5 2. Nf3 Nc6 3. Bb5 g6 4. O-O Bg7 5. c3 e6 6. d4 cxd4 7. cxd4 a6 8. Ba4
b5 9. Bc2 d5 10. exd5 exd5 11. Re1+ Nge7 12. a4 b4 13. Bg5 O-O 14. Qd2 Re8 15.
a5 f6 16. Bf4 Bg4 17. Ba4 Bxf3 18. gxf3 Rc8 19. Qd3 Nf5 20. Rxe8+ Qxe8 21. Nd2
Nfxd4 22. Bxc6 Ne2+ 23. Kf1 Nxf4 24. Bxd5+ Kh8 25. Qe4 Nxd5 26. Qxd5 Rd8 27.
Qe4 Qb5+ 28. Nc4 f5 29. Qe2 Bf6 30. Rc1 Qd5 31. b3 Qd3 32. Qxd3 Rxd3 33. Ke2
Rxb3 34. Rd1 Rc3 35. Ne3 b3 36. Kd2 Rc5 37. Rb1 b2 38. Nd1 Rxa5 39. Nxb2 Ra2
40. Kc2 Kg7 41. Kb3 Rxb2+ 42. Rxb2 Bxb2 43. Kxb2 Kh6 0-1

[Event "Aberto Brasil - II Niterói Chess Open "]
[Site "Salão de Convenções do Hot"]
[Date "2022.09.07"]
[Round "9.70"]
[White "Vargas, Victor Da Silva"]
[Black "Fernandes, Joao Manoel Strauss"]
[Result "0-1"]
[WhiteElo "1776"]
[BlackElo "1688"]
[PlyCount "90"]
[EventDate "2022.09.01"]
[EventRounds "9"]
[EventCountry "BRA"]

1. c4 e5 2. g3 Nf6 3. Bg2 d5 4. cxd5 Nxd5 5. Nc3 Nxc3 6. bxc3 c5 7. Nf3 Nc6 8.
O-O Be7 9. Bb2 O-O 10. d4 e4 11. Ne1 f5 12. f3 e3 13. f4 cxd4 14. cxd4 Bf6 15.
Nc2 Be6 16. Qd3 Re8 17. Qxe3 Bxa2 18. Qd3 Bd5 19. Rf3 Qb6 20. Bc3 Rad8 21. Re3
Bxg2 22. Kxg2 Rxe3 23. Qxe3 Qb3 24. Rc1 Qd5+ 25. Kg1 h6 26. h4 Nxd4 27. Bxd4
Bxd4 28. Nxd4 Qxd4 29. Qxd4 Rxd4 30. Rc8+ Kh7 31. Rc7 Rb4 32. h5 Rb5 33. e4
fxe4 34. g4 a5 35. f5 Rb6 36. Kf2 a4 37. Ke3 a3 38. f6 Rxf6 39. Rxb7 Ra6 40.
Rb1 a2 41. Ra1 Ra4 42. Kd2 Kg8 43. Kc2 Kf7 44. Rf1+ Ke6 45. Kb2 a1=Q+ 0-1

[Event "Aberto Brasil - II Niterói Chess Open "]
[Site "Salão de Convenções do Hot"]
[Date "2022.09.07"]
[Round "9.76"]
[White "De Souza, Roberto Fabelino"]
[Black "Nobre, Jose Adalberto Barb"]
[Result "1-0"]
[WhiteElo "1742"]
[BlackElo "1585"]
[PlyCount "58"]
[EventDate "2022.09.01"]
[EventRounds "9"]
[EventCountry "BRA"]

1. c4 Nf6 2. g3 g6 3. Bg2 Bg7 4. Nc3 O-O 5. e4 d6 6. Nge2 Nbd7 7. O-O e5 8. d3
c6 9. Rb1 Nc5 10. b4 Ne6 11. Be3 Ng4 12. Qd2 Nxe3 13. fxe3 Bd7 14. d4 h5 15. d5
Ng5 16. Rbd1 Bg4 17. dxc6 bxc6 18. Qxd6 Qb6 19. Qc5 Qxc5 20. bxc5 Rfd8 21. Rd6
Bf8 22. Rxc6 Rac8 23. Rxc8 Rxc8 24. Nc1 Bxc5 25. Nd5 Bh3 26. Bxh3 Nxh3+ 27. Kg2
Ng5 28. Nd3 Nxe4 29. Nxe5 Nd6 1-0

[Event "Aberto Brasil - II Niterói Chess Open "]
[Site "Salão de Convenções do Hot"]
[Date "2022.09.07"]
[Round "9.77"]
[White "Hubner, Jessica Trindade"]
[Black "Santiago, Mauro"]
[Result "1-0"]
[WhiteElo "1727"]
[BlackElo "1556"]
[PlyCount "119"]
[EventDate "2022.09.01"]
[EventRounds "9"]
[EventCountry "BRA"]

1. e4 e5 2. Nf3 Nc6 3. Bb5 a6 4. Ba4 Nf6 5. O-O Be7 6. c3 b5 7. Bc2 d6 8. d4
O-O 9. h3 Bb7 10. Re1 Re8 11. a4 h6 12. d5 Na5 13. axb5 axb5 14. Bd3 c6 15.
dxc6 Bxc6 16. Qe2 Qb8 17. b4 Nc4 18. Rxa8 Qxa8 19. Nbd2 Qa1 20. Bxc4 bxc4 21.
Qxc4 Qa8 22. Bb2 Nxe4 23. Ra1 Nxd2 24. Nxd2 Qb7 25. Qg4 Ra8 26. Rxa8+ Qxa8 27.
Nc4 Bb5 28. Na5 d5 29. Bc1 Kh7 30. Qf5+ Kg8 31. Qxe5 Bf6 32. Qc7 Qe8 33. Be3
Qd7 34. Qc5 Be7 35. Qd4 Bf6 36. Qd2 Qf5 37. Bd4 Bxd4 38. Qxd4 Qd3 39. Qxd3 Bxd3
40. Nc6 Kf8 41. f4 f6 42. Kf2 Ke8 43. g3 Kd7 44. Nd4 g6 45. Ke3 Bc4 46. Nf3 Kd6
47. Nh4 Bf1 48. Nxg6 Bxh3 49. Kd4 h5 50. Nh4 Kc6 51. Nf3 Bf1 52. Ne1 Bc4 53.
Nc2 Be2 54. Ne3 Bf3 55. b5+ Kxb5 56. Nxd5 f5 57. Ne7 Bg4 58. c4+ Kb6 59. Kd5
Bf3+ 60. Kd6 1-0

[Event "Aberto Brasil - II Niterói Chess Open "]
[Site "Salão de Convenções do Hot"]
[Date "2022.09.07"]
[Round "9.78"]
[White "Araujo, Barbara Ribeiro"]
[Black "Pereira, Arthur Macedo"]
[Result "1/2-1/2"]
[WhiteElo "1523"]
[BlackElo "1703"]
[PlyCount "34"]
[EventDate "2022.09.01"]
[EventRounds "9"]
[EventCountry "BRA"]

1. c4 e6 2. d4 d5 3. Nd2 Nf6 4. g3 Be7 5. Bg2 O-O 6. Ngf3 b6 7. O-O Bb7 8. Qc2
Nbd7 9. b3 Rc8 10. Bb2 c5 11. Rac1 dxc4 12. bxc4 cxd4 13. Bxd4 Nc5 14. Rfd1 Qe8
15. Ng5 h6 16. Bxc5 Rxc5 17. Bxb7 Rxg5 1/2-1/2

[Event "Aberto Brasil - II Niterói Chess Open "]
[Site "Salão de Convenções do Hot"]
[Date "2022.09.07"]
[Round "9.80"]
[White "Manoel, Gustavo Da Silva Me"]
[Black "Lisboa, Erico Fagundes Anic"]
[Result "0-1"]
[WhiteElo "1798"]
[BlackElo "1592"]
[PlyCount "100"]
[EventDate "2022.09.01"]
[EventRounds "9"]
[EventCountry "BRA"]

1. c4 e5 2. g3 Nf6 3. Bg2 d5 4. b3 Be7 5. e3 O-O 6. Ne2 Bf5 7. Bb2 Nc6 8. cxd5
Nxd5 9. e4 Ndb4 10. O-O Bg4 11. h3 Bxe2 12. Qxe2 Nd3 13. Ba3 Ncb4 14. Nc3 c6
15. Rfd1 Bc5 16. Bxb4 Bxb4 17. Bf1 Nc5 18. a3 Bxc3 19. dxc3 Qc7 20. b4 Ne6 21.
Qg4 Rad8 22. Bc4 Rxd1+ 23. Rxd1 Re8 24. Qh4 Nf8 25. Qg5 h6 26. Qf5 Ne6 27. h4
b5 28. Bb3 g6 29. Qf6 Rd8 30. Rxd8+ Qxd8 31. Qxe5 Nf8 32. Qd4 Qe7 33. Bd1 a5
34. Bg4 axb4 35. axb4 h5 36. Bh3 Ne6 37. Qe5 Qd7 38. Bxe6 fxe6 39. Qd4 Qe7 40.
e5 Kg7 41. Kg2 Kg8 42. Kf3 Kg7 43. Qd6 Qf7+ 44. Ke3 Qf5 45. Qe7+ Kh6 46. Qg5+
Qxg5+ 47. hxg5+ Kxg5 48. Kd4 Kf5 49. Kc5 g5 50. Kxc6 h4 0-1

[Event "Aberto Brasil - II Niterói Chess Open "]
[Site "Salão de Convenções do Hot"]
[Date "2022.09.07"]
[Round "9.81"]
[White "De Almeida, Roberto A. Ferreira"]
[Black "Silva, Juliana Figueira Th"]
[Result "0-1"]
[WhiteElo "1776"]
[BlackElo "1328"]
[PlyCount "54"]
[EventDate "2022.09.01"]
[EventRounds "9"]
[EventCountry "BRA"]

1. e4 c5 2. Bc4 d6 3. Nf3 Nf6 4. O-O a6 5. Re1 Nc6 6. c3 e6 7. d4 cxd4 8. cxd4
Be7 9. d5 b5 10. dxc6 bxc4 11. Qa4 d5 12. Ne5 O-O 13. exd5 exd5 14. Nd2 Bd6 15.
Ndf3 Be6 16. Nxf7 Bxf7 17. Bg5 h6 18. Bh4 Kh8 19. Rad1 Bh5 20. Bg3 Bxf3 21.
gxf3 Bxg3 22. fxg3 Qb6+ 23. Kh1 Rfe8 24. h4 Rxe1+ 25. Rxe1 Qf2 26. Rg1 Qxf3+
27. Rg2 Qf1+ 0-1

[Event "Aberto Brasil - II Niterói Chess Open "]
[Site "Salão de Convenções do Hot"]
[Date "2022.09.07"]
[Round "9.82"]
[White "Silverio, Vitor Luis De Jesus"]
[Black "Fernandes, Gabriel Bourdon"]
[Result "1-0"]
[WhiteElo "1689"]
[BlackElo "1201"]
[PlyCount "43"]
[EventDate "2022.09.01"]
[EventRounds "9"]
[EventCountry "BRA"]

1. e4 c5 2. Nf3 e6 3. d4 cxd4 4. Nxd4 a6 5. c4 Nf6 6. Nc3 Qc7 7. Bg5 Be7 8. Be2
h6 9. Be3 O-O 10. O-O b6 11. Nf3 Ng4 12. Bd4 e5 13. Nd5 Qd6 14. Bxb6 Bd8 15. c5
Qe6 16. Bxd8 Rxd8 17. Nc7 Qc6 18. Nxa8 Bb7 19. Nb6 Qxe4 20. Ne1 f5 21. h3 Nf6
22. Bf3 1-0

[Event "Aberto Brasil - II Niterói Chess Open "]
[Site "Salão de Convenções do Hot"]
[Date "2022.09.07"]
[Round "9.86"]
[White "Fonseca, Marcelo Lobo"]
[Black "Salotti, Thiago Maida"]
[Result "1-0"]
[WhiteElo "1800"]
[BlackElo "1390"]
[PlyCount "81"]
[EventDate "2022.09.01"]
[EventRounds "9"]
[EventCountry "BRA"]

1. d4 Nf6 2. c4 d6 3. Nc3 g6 4. e4 Bg7 5. f3 O-O 6. Nge2 e5 7. d5 Nbd7 8. Ng3
a6 9. h4 h5 10. Bg5 Qe8 11. Qd2 Nh7 12. Nge2 Nxg5 13. hxg5 f6 14. gxf6 Rxf6 15.
Ng1 Nb6 16. Qc2 c6 17. Qb3 Qd8 18. dxc6 bxc6 19. c5+ Kh7 20. Qxb6 Qxb6 21. cxb6
Rb8 22. Na4 d5 23. Bd3 dxe4 24. Bxe4 c5 25. Rxh5+ Kg8 26. Rg5 Bf5 27. Bxf5 gxf5
28. Rd1 c4 29. Rd7 Rf7 30. Rxf7 Kxf7 31. Rxf5+ Ke6 32. g4 Bh6 33. Ne2 Be3 34.
Nec3 Bd4 35. Ne4 Kd5 36. Rf6 Rd8 37. b7 Ba7 38. Rxa6 Bb8 39. Nac3+ Kd4 40. Ke2
Rh8 41. Nb5+ 1-0

[Event "Aberto Brasil - II Niterói Chess Open "]
[Site "Salão de Convenções do Hot"]
[Date "2022.09.07"]
[Round "9.88"]
[White "Rabello, Lorenzzo Urubatan B"]
[Black "Souza, Dion Avalone"]
[Result "1-0"]
[WhiteElo "1266"]
[BlackElo "1750"]
[PlyCount "77"]
[EventDate "2022.09.01"]
[EventRounds "9"]
[EventCountry "BRA"]

1. e4 c5 2. Nf3 Nc6 3. d4 e6 4. Nc3 d5 5. dxc5 dxe4 6. Qxd8+ Nxd8 7. Nxe4 f5 8.
Nd6+ Bxd6 9. cxd6 Nf7 10. Bb5+ Bd7 11. Bxd7+ Kxd7 12. Bf4 Nf6 13. O-O-O Ne4 14.
Rhf1 Rac8 15. Ne5+ Nxe5 16. Bxe5 Rc6 17. f3 Nxd6 18. Bxg7 Rg8 19. Be5 Rxg2 20.
Kb1 Rgxc2 21. Bxd6 Re2 22. Bf4+ Ke8 23. Rc1 Rb6 24. Rc2 Rxc2 25. Kxc2 Rc6+ 26.
Kb1 Kf7 27. Rc1 Rxc1+ 28. Kxc1 Kf6 29. Be3 a6 30. f4 Kg6 31. Kd2 Kh5 32. Kd3
Kh4 33. Kd4 Kh3 34. Ke5 Kxh2 35. Kxe6 h5 36. Kxf5 h4 37. Kg4 h3 38. Bf2 Kg2 39.
Bg3 1-0

[Event "Aberto Brasil - II Niterói Chess Open "]
[Site "Salão de Convenções do Hot"]
[Date "2022.09.07"]
[Round "9.94"]
[White "Valente, Gabriel Luis Cavalc"]
[Black "Pavao, Tiago Lara Biasi"]
[Result "1-0"]
[WhiteElo "1800"]
[BlackElo "1761"]
[PlyCount "61"]
[EventDate "2022.09.01"]
[EventRounds "9"]
[EventCountry "BRA"]

1. c4 e5 2. g3 Bc5 3. Bg2 Nf6 4. Nc3 O-O 5. Nf3 e4 6. Ng5 Ng4 7. Ngxe4 Qe7 8.
Nd5 Qe5 9. Nxc5 c6 10. Nd3 Qd4 11. Ne3 Nxe3 12. dxe3 Qxc4 13. b3 Qc3+ 14. Bd2
Qf6 15. O-O d6 16. Rc1 Be6 17. Bc3 Qg6 18. Nf4 Qf5 19. Nxe6 Qxe6 20. Qd4 f6 21.
Rfd1 Rd8 22. Bb4 c5 23. Qd5 Qxd5 24. Bxd5+ Kh8 25. Bxb7 Nd7 26. Bxa8 Rxa8 27.
Rxd6 cxb4 28. Rxd7 h6 29. Rcd1 Rc8 30. Rd8+ Rxd8 31. Rxd8+ 1-0